Celestial Bodies : How to Look at Ballet /

Estudio que presenta un acercamiento crítico al ballet, donde la autora da cuenta del nacimiento de este arte dancístico y sus movimientos elementales, su lenguaje técnico, así como las obras más relevantes de ballet.

Guardat en:
Dades bibliogràfiques
Autor principal: Jacobs, Laura (autor)
Format: Llibre
Idioma:anglès
Publicat: Nueva York, EUA : Basic Books, 2018, c2018
Matèries:
Accés en línia:Ver documento en línea
Etiquetes: Afegir etiqueta
Sense etiquetes, Sigues el primer a etiquetar aquest registre!

MARC

LEADER 00000nam^a2200000^a^4500
001 000432257
005 20251023000000.0
009 20260310123010.748
020 |a 978-0-465-09848-4 
037 |a Acervo ITESO - Biblioteca 
041 |a ING 
082 |a 782. 181  |b JAC 
100 |a Jacobs, Laura  |e (autor) 
245 1 0 |a Celestial Bodies :  |b How to Look at Ballet /  |c L. Jacobs ; il. de Jessica Roux. 
264 4 |a Nueva York, EUA :  |b Basic Books,  |c 2018, c2018 
264 2 |a Birmingham, EUA :  |b EBSCOhost [distribución],  |c 2018 
300 |a 1 libro electrónico en línea (1 v. sin paginación) 
300 |a 1 recurso en línea 
336 |a datos para computadora  |b cod  |2 rdacontenido 
337 |a computadora  |b c  |2 rdamedio 
338 |a recurso en línea  |b cr  |2 rdasoporte 
506 1 |a 1 licencia 
520 |a Estudio que presenta un acercamiento crítico al ballet, donde la autora da cuenta del nacimiento de este arte dancístico y sus movimientos elementales, su lenguaje técnico, así como las obras más relevantes de ballet. 
521 |a 2019-XXXX BO Licenciaturas Materias Complementarias 
530 |a Existe una edición en formato impreso con el mismo título 
649 |a XX 
650 |a Lenguaje Corporal -  |x Tema Principal 
650 |a Comunicación No Verbal 
650 |a Recepción y Apreciación del Arte -  |x Tema Principal 
650 |a Ballet -  |x Técnica 
650 |a Ballet -  |x Historia y Crítica -  |x Tema Principal 
650 |a Danza -  |x Técnica 
650 |a Danza -  |x Historia y Crítica 
650 |a Música para Representación -  |x Historia y Crítica 
650 |a Artes Escénicas -  |x Historia y Crítica 
650 |a Arte -  |x Historia y Crítica 
856 4 0 |u https://ezproxy.iteso.mx/login?url=https://search.ebscohost.com/login.aspx?direct=true&scope=site&db=nlebk&db=nlabk&AN=1572654  |y Ver documento en línea 
910 |a Fondo General 
920 |a Electrónicos - Libros en Línea 
930 |a Plataforma Digital 
905 |a 205 
901 |a 432257-1  |b IT2  |c EBO  |i C175638  |u 20250521 
902 |a https://opac.biblio.iteso.mx/vufind/Record/000432257